header

Sniffles (Record no. 262666)

MARC details
000 -LEADER
fixed length control field 00245nam a22001097a 4500
020 ## - INTERNATIONAL STANDARD BOOK NUMBER
ISBN 084312301X
100 ## - MAIN ENTRY--AUTHOR NAME
Personal name Stephen Cosgrove
245 ## - TITLE STATEMENT
Title Sniffles
260 ## - PUBLICATION, DISTRIBUTION, ETC. (IMPRINT)
Place of publication NewYork
Name of publisher Price Stern Sloan
Year of publication 1988
490 ## - SERIES STATEMENT
Series statement A Serendipity Book
942 ## - ADDED ENTRY ELEMENTS (KOHA)
Koha item type Long Loan Books
Holdings
Withdrawn status Lost status Collection code Home library Current library Shelving location Date acquired Accession Number Koha item type
    Fiction Rongo University Library Rongo University Library Children's Area 29/01/2024 CL20233136 Long Loan Books

© 2026 Rongo University
Contact us: librarian | system librarian | Rongo university